| 000 | 00533nam a2200205Ia 4500 | ||
|---|---|---|---|
| 003 | OSt | ||
| 005 | 20250902112548.0 | ||
| 008 | 210210b2007 xxu||||| |||| 00| 0 eng d | ||
| 020 | _a9788125031604 | ||
| 040 | _cAL | ||
| 041 | _aeng | ||
| 082 | _a350 CHAR | ||
| 100 |
_aBidyut Chakrabarty _9238220 |
||
| 245 |
_aReinventing public administration _b: the Indian experience |
||
| 260 |
_aNew Delhi _bOrient Longman _c2007 |
||
| 300 | _aviii,368p | ||
| 690 |
_aPublic Administration _9238227 |
||
| 906 | _a066519 | ||
| 942 |
_2ddc _cBK |
||
| 999 |
_c148058 _d148058 |
||